000 00225nam a2200097Ia 4500
999 _c34937
_d34937
008 120527s9999 xx 000 0 und d
100 _aPRUTKIN,Jordan
245 _aFundamental Nursing Skills.
260 _bWhurr.
942 _cBK